000 00859nam a2200181Ia 4500
008 100921s9999 xx 000 0 und d
082 _b33819
_a796 थ 99
100 _aसुब्बाराव एस.एन.
245 _aक्रीडा साहित्याविना खेळाची तासिका.
260 _bवसुंधरा प्रकाशन, अहमदनगर.
_c1999
300 _a59
_bमयुरेष बुक एजन्सी,कराड
365 _b20
520 _aकला-मैदानी खेळ.
630 _aक्रीडा साहित्याविना खेळाची तासिका.
650 _aकला-मैदानी खेळ.
730 _aक्रीडा साहित्याविना खेळाची तासिका.
942 _cBOOK
999 _c782932
_d782929